Dôchodky spoza Moravy
Podmienky nároku na starobný dôchodok pred dovŕšením dôchodkového veku podľa právnych predpisov Českej republiky. Nárok na plný invalidný dôchodok. Plný invalidný dôchodok a jeho výška v mimoriadnych prípadoch. Pokračovanie článku v nasledujúcom čísle.
Salvato in:
| Natura: | Capitolo di libro |
|---|---|
| Lingua: | slovacco |
| Soggetti: | |
| Tags: |
Nessun Tag, puoi essere il primo ad aggiungerne!!
|
MARC
| LEADER | 00000naa$a2200000$$$4500 | ||
|---|---|---|---|
| 001 | 0064855 | ||
| 005 | 20230925074721.9 | ||
| 041 | 0 | |a slo | |
| 044 | |a SK | ||
| 245 | 1 | 0 | |a Dôchodky spoza Moravy |
| 520 | |a Podmienky nároku na starobný dôchodok pred dovŕšením dôchodkového veku podľa právnych predpisov Českej republiky. Nárok na plný invalidný dôchodok. Plný invalidný dôchodok a jeho výška v mimoriadnych prípadoch. Pokračovanie článku v nasledujúcom čísle. | ||
| 610 | 2 | 0 | |a poistenie sociálne |
| 610 | 2 | 0 | |a poistenie starobné |
| 610 | 2 | 0 | |a invalidita |
| 610 | 2 | 0 | |a poistné |
| 610 | 2 | 0 | |a dávky dôchodkové |
| 610 | 2 | 0 | |a dávky poistné |
| 610 | 2 | 0 | |a legislatíva |
| 610 | 2 | 0 | |a Česko |